Crash bandicoot character to image - Statistics

General Stats
  • This quiz has been taken 63 times
    62 since last reset
  • The average score is 22 of 35
Answer Stats
Picture Answer % Correct
Crash Bandicoot
100%
Coco Bandicoot
92%
Neo Cortex
90%
Aku Aku
88%
Tiny Tiger
88%
N.gin
87%
Uka Uka
87%
Ripper roo
85%
Dingodile
81%
N.brio
81%
N.tropy
79%
papu Papu
79%
Fake crash
77%
Koala Kong
77%
Tawna
77%
Polar
75%
Krunch Bandicoot
73%
Komodo Joe
69%
Nina
67%
Pura
67%
Komodo Moe
65%
N.Trance
60%
Evil crash
54%
Penta penguin
54%
Rilla Roo
50%
mega mix
44%
emperor velo
40%
Evil twins
38%
Baby T
35%
Madame Amberly
29%
Rusty walrus
29%
Nitros oxide
27%
Farmer Ernest
21%
Small Norm
19%
Bi Norm
13%
No matching quizzes found
Score Distribution
Percent of People with Each Score
Percentile by Number Answered
Your Score History
You have not taken this quiz since the last reset